| 000 | 00496nam a2200157 a 4500 | ||
|---|---|---|---|
| 999 |
_c3048 _d3048 |
||
| 001 | 3048 | ||
| 003 | CDMR | ||
| 005 | 20241115112217.0 | ||
| 008 | 130130s2003||||||||||||||||||||||||||||d | ||
| 040 |
_aCDMR _bcat _cCDMR |
||
| 110 | 2 |
_9133 _aCol·legi de Periodistes de Catalunya |
|
| 245 | 1 | 0 |
_aPer la reforma dels mitjans de comunicació públics _c/ Col·legi de Periodistes de Catalunya |
| 260 |
_aBarcelona : _bCol·legi de Periodistes de Catalunya, _c2003 |
||
| 300 | _a18 p. | ||
| 942 |
_cFULLET _2udc |
||